A képhasználat jelentősége a zarándoklaton
The introductory first part of the paper is dealing with the research-history of pilgrimages in ethnography from theoretical point of view. Then in a case study the author describes the pilgrimages from the viewpoint of communication and analyses the private photographes of a pilgrim who visited Med...
Elmentve itt :
| Szerző: | |
|---|---|
| Testületi szerző: | |
| Dokumentumtípus: | Könyv része |
| Megjelent: |
2006
|
| Sorozat: | Szegedi vallási néprajzi könyvtár
16 Kép, képmás, kultusz : [a 6. Szegedi Vallási Néprajzi Konferencia 2002. október 8-10. tanulmányai] 16 |
| Kulcsszavak: | Zarándoklat - magyar, Búcsú - Magyarország - története, Búcsújárás, Népi vallásosság, Vallási kultusz - magyar, Vallási néprajz |
| Tárgyszavak: | |
| Online Access: | http://acta.bibl.u-szeged.hu/70349 |
| LEADER | 01745naa a2200289 i 4500 | ||
|---|---|---|---|
| 001 | acta70349 | ||
| 005 | 20220202102541.0 | ||
| 008 | 200918s2006 hu o 0|| hun d | ||
| 020 | |a 963 482 750 0 | ||
| 022 | |a 1419-1288 | ||
| 040 | |a SZTE Egyetemi Kiadványok Repozitórium |b hun | ||
| 041 | |a hun | ||
| 041 | |a eng | ||
| 100 | 1 | |a Korpics Márta | |
| 245 | 1 | 2 | |a A képhasználat jelentősége a zarándoklaton |h [elektronikus dokumentum] / |c Korpics Márta |
| 260 | |c 2006 | ||
| 300 | |a 177-192 | ||
| 490 | 0 | |a Szegedi vallási néprajzi könyvtár |v 16 | |
| 490 | 0 | |a Kép, képmás, kultusz : [a 6. Szegedi Vallási Néprajzi Konferencia 2002. október 8-10. tanulmányai] |v 16 | |
| 520 | 3 | |a The introductory first part of the paper is dealing with the research-history of pilgrimages in ethnography from theoretical point of view. Then in a case study the author describes the pilgrimages from the viewpoint of communication and analyses the private photographes of a pilgrim who visited Medugorje (BosniaHercegovina) as member of a Hungarian pilgrim group from a small village in county Baranya. These pictures are amateur photographes which can be interpreted only in the frame of the pilgrim route. They fix and memorize the event and form the memory. | |
| 650 | 4 | |a Társadalomtudományok | |
| 650 | 4 | |a Szociológia | |
| 650 | 4 | |a Bölcsészettudományok | |
| 650 | 4 | |a Filozófia, etika és vallástudományok | |
| 695 | |a Zarándoklat - magyar, Búcsú - Magyarország - története, Búcsújárás, Népi vallásosság, Vallási kultusz - magyar, Vallási néprajz | ||
| 710 | |a Szegedi Vallási Néprajzi Konferencia (6.) (2002) (Szeged) | ||
| 856 | 4 | 0 | |u http://acta.bibl.u-szeged.hu/70349/1/szegedi_vallasi_016_177-192.pdf |z Dokumentum-elérés |